Công nghệ 7: Nông nghiệp
Sách là tài liệu tham khảo giúp giáo viên, học sinh trung học cơ sở có thêm tư liệu để dạy và học tốt hơn môn Công nghệ 7.
Wedi'i Gadw mewn:
| Fformat: | Llyfr |
|---|---|
| Iaith: | Undetermined |
| Cyhoeddwyd: |
Hà Nội
Giáo Dục
2005
|
| Pynciau: | |
| Tagiau: |
Ychwanegu Tag
Dim Tagiau, Byddwch y cyntaf i dagio'r cofnod hwn!
|
| Thư viện lưu trữ: | Trung tâm Học liệu Trường Đại học Cần Thơ |
|---|
| LEADER | 00749nam a2200217Ia 4500 | ||
|---|---|---|---|
| 001 | CTU_116220 | ||
| 008 | 210402s9999 xx 000 0 und d | ||
| 020 | |c 9000 | ||
| 082 | |a 607 | ||
| 082 | |b C455/L.7 | ||
| 245 | 0 | |a Công nghệ 7: | |
| 245 | 0 | |b Nông nghiệp | |
| 245 | 0 | |c Nguyễn Minh Đường ... [et al.] | |
| 260 | |a Hà Nội | ||
| 260 | |b Giáo Dục | ||
| 260 | |c 2005 | ||
| 520 | |a Sách là tài liệu tham khảo giúp giáo viên, học sinh trung học cơ sở có thêm tư liệu để dạy và học tốt hơn môn Công nghệ 7. | ||
| 650 | |a Techonology | ||
| 650 | |x Study and teaching | ||
| 904 | |i Tuyến | ||
| 980 | |a Trung tâm Học liệu Trường Đại học Cần Thơ | ||